00744nam a2200205 a 450000500170000000800410001702000180005805000250007610000190010124500840012026000460020430000160025044000270026650000280029365000440032165000190036565000210038499900190040595201140042420140412111353.0050425s19uu xx 00 eng d a0-02-660865-0 aTR(GS 372.4bQ3 2000 aQueen, Stephan aQuarter Pond :bdecodable book /cby Stepehen Queen ; illustrated by Henderson. aColumbus, Ohio :bSRA/McGraw-Hill,c2000. a8 p. ; ill. aSRA Open Court Reading aLevel B, Set 1, Book 37 aReadingxPhoneticsxJuvenile literature aPondsxFiction aChildren stories c105357d105357 001040aELbELcTRd2005-04-25eDonationl0oTR(GS 372.4 Q3 2000pE9924r2014-04-12 00:00:00w2014-04-12yBK